| 000 | 01478nam a22002417a 4500 | ||
|---|---|---|---|
| 999 |
_c60402 _d60402 |
||
| 003 | Ge_BSU | ||
| 005 | 20230712114648.0 | ||
| 008 | 230712s2016ge xxu||||| |||| 00| 0 geo d | ||
| 041 | _ageo | ||
| 080 | _a929.6(479.22) გ-16 | ||
| 100 |
_aგაიპარაშვილი, ზურაბ, ავტორი. _98311 |
||
| 245 |
_aჰერალდიკური არაბესკები / _cზურაბ გაიპარაშვილი ; რედ. გურამ ლორთქიფანიძე ; გარეკანის დიზაინერი თინათინ ჩირინაშვილი |
||
| 264 |
_aთბილისი : _b თბილ. უნ-ტის გამ-ბა _c2016. |
||
| 300 |
_a262 გვ. : _bილ. ; _c20 სმ. |
||
| 500 | _aსაძიებელი: გვ. 246-250. | ||
| 504 | _aბიბლიოგრ.: გვ. 251-260. | ||
| 520 | _aრეზიუმე ინგლ. და რუს. ენებზე. | ||
| 653 | _aქართული ჰერალდიკა | ||
| 700 |
_aლორთქიფანიძე, გურამ _eრედაქტორი _915412 |
||
| 700 |
_aჩირინაშვილი, თინათინ _eგარეკანის დიზაინერი _918081 |
||
| 710 |
_a ივანე ჯავახიშვილის სახ. თბილისის სახელმწ. უნ-ტი. _919265 |
||
| 942 |
_2udc _cBK |
||